000 00301nam a22001337a 4500
008 171202b xxu||||| |||| 00| 0 eng d
020 _a231054001
041 _aeng
080 _a94
100 _a16
101 _aSHP
245 _aHISTORY OF THE GREAT AMERICAN FORTUNES
_cMYERS, G
942 _2udc
_cBK
999 _c38723
_d38723